000 03888nam a22003137a 4500
003 OSt
005 20240520000250.0
008 240508b ||||| |||| 00| 0 eng d
040 _bEnglish.
_cCvSU-CCAT Campus Library.
_erda.
050 _aUM QA 76.9.S88
_bAm46 2014
100 _aAmores, Hermogenes T., author.
_912442
245 _aDevelopment of Internet Café Time monitoring and sales system /
_cHermogenes T. Amores, Sharmane T. Armintia, and Reymar G. Drio.
260 _aRosario, Cavite :
_bCavite State University-CCAT Campus,
_c2014.
300 _axvi, 123 leaves :
_billustrations ;
_c28 cm
500 _aA Project Design (BSInfoTech) -- Cavite State University-CCAT Campus, 2014.
504 _aIncludes bibliographical references and appendices.
520 _aAMORES, HERMOGENES T., ARMINTIA, SHARMANE T. AND DRIO, REYMAR G. DEVELOPMENT OF INTERNET CAFÉ TIME MONITORING AND SALES SYSTEM. A Project Design. Bachelor of Science in Information Technology. Cavite State University-Rosario, Rosario, Cavite. April 2014. Adviser: Rossian V. Perea. The study was conducted from July 2013 to January 2014in different computer shops specifically the shop of PodCom nearby Cavite State University- Rosario Campus, Rosario Cavite. Specifically, the study aimed to: 1. plan the system through identifying the nature and scope of the existing process of payment and recording of collections opportunity or problem. 2. analyze the opportunities and problems in the existing process to build a new reliable system for the betterment of the business, 3, design the system with self-explanatory interface that will satisfy all documented requirements through identifying all necessary inputs, outputs and processes; 4. test and evaluate the system through giving well-functioning and documented information system to the possible users of new system; and 5. implement the system that will meet the expectations and needs of the system users. The study was done through the use of object-oriented computer programming language which is the Visual Basic.NET as the tool used for the design and interface of the system as well as for the construction of module and coding. Microsoft Office Access as the database of the system and Microsoft Office Word for the study documentation. Adobe Photoshop was also used for the improvement of the interfaces of the system. System Development Life Cycle was the method used because it is easier to manage for its repeatable and predictable process intended to improve the project productivity and system quality as well as to enhance the management of computer systems. It includes planning, analysis, design, evaluation and implementation phase. The developers tested and checked the system not only for errors but also to see if the system does what it was intended, for if it is what the end user has expected. The developers also ensured that all requirements were implemented and the errors or bugs were removed. The participants of the study were composed of one hundred fourteen (114) shop owners and eighty-six (86) shop clients from different Computer shop in Tanza, Cavite. The system was rated based on the presentation during the evaluation. The study was concluded based on the findings that were revealed and the recommendations were given by the researcher for the enhancement of the application.
546 _aIn English text.
650 _aSystem design.
_92489
650 _2Internet cafe.
650 _2Object-oriented computer programming.
650 _2Visual Basic.NET.
700 _aArmintia, Sharmane T., author.
_912443
700 _aDrio, Reymar G., author.
_912444
700 _aPerea, Rossian V., adviser.
_911434
700 _aAndoy, Rafael Arlen M. IV, technical critic.
_912417
942 _2lcc
_cT/M/D
_hQA 76.9.S88 Am46 2014
_kUM
999 _c3397
_d3397